Normal view
MARC view
- Vision disorders.
Entry Topical Term
001 - CONTROL NUMBER
- control field: 50069
003 - CONTROL NUMBER IDENTIFIER
- control field: OSt
005 - DATE AND TIME OF LATEST TRANSACTION
- control field: 20231118150840.0
008 - FIXED-LENGTH DATA ELEMENTS
- fixed length control field: 231118|| aca||aabn | a|a d
040 ## - CATALOGING SOURCE
- Original cataloging agency: OSt
- Transcribing agency: OSt
150 ## - HEADING--TOPICAL TERM
- Topical term or geographic name entry element: Vision disorders.
670 ## - SOURCE DATA FOUND
- Source citation: Work cat.: (OSt): Andic, Branko. author. 50068, Multisensory identification of characteristics of reproductive plant-parts by people with blindness or people with ultra-low-vision /, December 2022.
